LEADER 01102nam a2200265 a 4500 001 000000120350 003 CaOOAMICUS 005 20100225121357.0 008 100225t2010 it u000 u ita r 020 $a978-88-308-1030-3 040 $aPUL$bita$dReb 100 1 $aPetrà, Basilio,$d1946-$0(OLS)http://pul/name/34840 245 12$aL'etica ortodossa :$bstoria, fonti, identità /$cBasilio Petrà. 260 $aAssisi :$bCittadella,$c©2010. 300 $a327 p. ;$c21 cm. 490 1 $aQuestioni di etica teologica 504 $aBibliografia: p. [303]-318. 650 4$aTeologia ortodossa.$0(OLS)http://pul/subject/5722 830 0$aQuestioni di etica teologica.$0(OLS)http://pul/title/106064 850 $aPUL 852 $aPUL$W1$xSL Religione 3$y85$m262 PETBA 1$j137990$qDDC 21$B137155$CPULBib$Z2$F137155 $H112917 $82 941 1 $a9 996 $6020$a978-88-308-1030-3$9(OLS)http://pul/number/143441 996 $6245$aL'etica ortodossa :$bstoria, fonti, identità$9(OLS)http://pul/title/151370 996 $6260$aAssisi :$bCittadella$9(OLS)http://pul/publisher/49668 LEADER 01166nam a2200301 a 4500 001 000000136320 003 CaOOAMICUS 005 20131119100542.0 008 131119s1995 it u000 u ita r 020 $a88-04-39344-0 040 $aPUL$bita 041 1 $aita$hfre 100 1 $aHugo, Victor Marie,$cComte,$d1802-1885.$0(OLS)http://pul/name/12643 240 10$aQuatrevingt-treize.$lItaliano.$0(OLS)http://pul/title/172439 245 10$aNovantatré /$cVictor Hugo ; a cura di Francesco Saba Sardi. 260 $aMilano :$bArnoldo Mondadori,$c1995. 300 $aLV, 369 p. ;$c19 cm 490 1 $aOscar classici 700 1 $aSaba Sardi, Francesco.$0(OLS)http://pul/name/76119 830 0$aOscar classici.$0(OLS)http://pul/title/104182 850 $aPUL 852 $aPUL$W1$xDP1 Fondo E. Rossi$y115$m2 C 55$j115537$qFondi$B156508$CPULBib$Z2$F156508 $82 941 1 $a1 961 $aSul dorso collocazione ms. di E. Rossi: III 44 2 996 $6020$a88-04-39344-0$9(OLS)http://pul/number/153989 996 $6245$aNovantatré$9(OLS)http://pul/title/172440 996 $6260$aMilano :$bArnoldo Mondadori$9(OLS)http://pul/publisher/60431 LEADER 01272cam a22003134a 4500 001 000000118617 003 CaOOAMICUS 005 20091204173558.0 008 091204t2004 it b 000 0 ita r 020 $a88-420-6018-6 040 $aPUL$bita$dReb 041 1 $aita$hspa 100 1 $aSavater, Fernando,$d1947-$0(OLS)http://pul/name/38347 240 10$aDiccionario filosofico$lItaliano.$0(OLS)http://pul/title/149262 245 10$aDizionario filosofico /$cFernando Savater. 250 $a2 ed. 260 $aRoma ;$aBari :$bLaterza,$c©2004. 300 $aix, 354 p. ;$c21 cm. 490 1 $aEconomica Laterza ;$v189 500 $aTraduzione di Francesca Saltarelli. 650 4$aFilosofia$xEnciclopedie e dizionari.$0(OLS)http://pul/subject/7761 700 1 $aSaltarelli, Francesca.$0(OLS)http://pul/name/73992 830 0$aEconomica Laterza ;$v189.$0(OLS)http://pul/title/39309 850 $aPUL 852 $aPUL$W1$xSL Filosofia 3$y81$m196. 1 SAVFE 1$j136096$qDDC 21$B135084$CPULBib$Z2$F135084 $H111885 $82 941 1 $a9 996 $6020$a88-420-6018-6$9(OLS)http://pul/number/142693 996 $6245$aDizionario filosofico$9(OLS)http://pul/title/34663 996 $6260$aRoma ;$aBari :$bLaterza$9(OLS)http://pul/publisher/57682 LEADER 01434nam a2200337 a 4500 001 000000168676 003 CaOOAMICUS 005 20180712094116.0 008 180712s2014 it u000 u ita r 020 $a978-88-317-1849-3* 032 $aLibriCat 040 $aPUL$bita 082 04$a323.44 245 00$aIslam e integrazione in Italia /$ca cura di Antonio Angelucci, Maria Bombardieri e Davide Tacchini. 260 $aVenezia :$bMarsilio,$c2014. 300 $a221 p. ;$c21 cm. 490 1 $aSaggi (Marsilio editori) 504 $aContiene indici e riferimenti bibliografici. 650 4$aIslamismo$xAspetti socio-culturali$zItalia.$0(OLS)http://pul/subject/45571 700 1 $aAngelucci, Antonio.$0(OLS)http://pul/name/108689 700 1 $aBombardieri, Maria.$0(OLS)http://pul/name/108688 700 1 $aTacchini, Davide.$0(OLS)http://pul/name/108687 830 0$aSaggi (Marsilio editori).$0(OLS)http://pul/title/48340 850 $aPUL 852 $aPUL$W1$xSL Diritto e Scienze Sociali 3$y79$m323. 44 ANGAN 1$j192109$qDDC 21$B196601$CPULBib$Z2$F196601 $H131180 $81 941 1 $a9 996 $6020$a978-88-317-1849-3*$9(OLS)http://pul/number/164528 996 $6082$a323.44$9(OLS)http://pul/classification/675 996 $6245$aIslam e integrazione in Italia$9(OLS)http://pul/title/209129 996 $6260$aVenezia :$bMarsilio$9(OLS)http://pul/publisher/52932